000
00330nam a22001337a 4500
008
171020b xxu||||| |||| 00| 0 eng d
020
_a
9780673992963
041
_a
eng
080
_a
338
100
_a
54
101
_a
MEN
245
_a
STASTICAL MAKING AND DATA ANALYSIS METHODS FORN MANAGERS
_c
WYNN.A
942
_2
udc
_c
BK
999
_c
35152
_d
35152